000 00321nam a2200145Ia 4500
008 191201s2012 xx 000 0 und d
082 _a526.9
_bDUS
100 _aDUGGAL, S.K
245 0 _aSurveying Vol-II
250 _aRep
260 _aN. Delhi
_bTMH
_c2012
300 _a449
650 _aB.Tech(CE)
942 _2ddc
_cBK
999 _c5304
_d5304